000 01108cpcaa2200277 4500
001 mm 81021873
003 DLC
005 20260227111707.0
008 810512|||||||||||| eng
010 _amm 81021873
040 _aDLC
_cDLC
_edacs
_dDLC
072 7 _aW
_2lcmd
100 1 _aGalwey, Thomas Francis,
_d1846-1913.
245 0 0 _aThomas Francis Galwey papers,
_f1861-1908.
300 _a3
_fitems.
300 _a1
_fcontainer.
506 0 _aOpen to research.
520 8 _aThree volume diaries (1861-1864) concerning Galwey's Civil War experiences in Virginia as a member of the Ohio Infantry, 8th Regiment. Also includes correspondence, clippings, and programs (1864-1908).
545 0 _aUnion soldier.
546 _aCollection material in English.
610 1 0 _aUnited States.
_bArmy.
_bOhio Infantry Regiment, 8th (1861-1865)
651 0 _aVirginia
_xHistory
_yCivil War, 1861-1865.
656 7 _aSoldiers.
_2itoamc
999 _c43113
_d43113